000305826 001__ 305826
000305826 005__ 20240928181331.0
000305826 0247_ $$aG:(GEPRIS)5379683$$d5379683
000305826 035__ $$aG:(GEPRIS)5379683
000305826 040__ $$aGEPRIS$$chttp://gepris.its.kfa-juelich.de
000305826 150__ $$aInterdisziplinäre Untersuchung zum Problem der Gewalt in der tantrisch-buddhistischen Ethik in Tibet und China am Beispiel "zornvoller Aktivität"$$y2002 - 2012
000305826 371__ $$aProfessorin Dr. Carmen Meinert
000305826 450__ $$aDFG project G:(GEPRIS)5379683$$wd$$y2002 - 2012
000305826 5101_ $$0I:(DE-588b)2007744-0$$aDeutsche Forschungsgemeinschaft$$bDFG
000305826 680__ $$aDas Forschungsvorhaben liefert einen Beitrag zum Thema Gewalt im tantrischen Buddhismus veranschaulicht am Beispiel zornvoller Aktivität. Ein Tantriker, der in der Meditationspraxis zornvoller Gottheiten geübt ist, kann, wenn es die Umstände verlangen, zornvolle Aktivität in der Beseitigung äußerer und innerer Hindernisse einsetzen. Im Rahmen der interdisziplinären Ausrichtung des Projektes sind tibetische und chinesische Materialien zu diesem Themenbereich auszuwerten. Der erste Teil ist als Einführung in die tantrische Ethik angelegt und beleuchtet das Problem, wie auf der Grundlage des Mahayana-buddhistischen Prinzips von Mitgefühl im tantrischen Buddhismus Gewalt in zornvollen Aktivitäten ethisch legitimiert werden kann. Hierbei ist auch die Frage nach einer Transethik im Tantrismus zu berücksichtigen. Es gilt ferner den apotropäischen und soteriolgischen Zweck von Gewalteinsatz zu klären. Im zweiten und dritten Teil wird das Thema zornvolle Aktivität in seinen spezifischen Ausdrucksformen in Tibet - vor allem im Hinblick auf die "rNying ma pa-Tradition" - und in China - unter Berücksichtigugng des tanzeitlichen Tantrismus - untersucht.
000305826 909CO $$ooai:juser.fz-juelich.de:972701$$pauthority$$pauthority:GRANT
000305826 909CO $$ooai:juser.fz-juelich.de:972701
000305826 980__ $$aG
000305826 980__ $$aAUTHORITY